| 000 | 00832nam a2200277 i 4500 | ||
|---|---|---|---|
| 001 | 000033901 | ||
| 003 | DO-SdBNP | ||
| 005 | 20240527113002.0 | ||
| 007 | ta | ||
| 008 | 110914s1987 es 000 0 spa d | ||
| 020 | _a8400066650 | ||
| 040 |
_aDO-SdBNP _bspa _cBNPHU _erda |
||
| 049 | _aBNPD | ||
| 082 | 4 | _222 | |
| 100 | 1 |
_aRobles Muñoz, Cristóbal, _959343 _eautor |
|
| 245 | 1 | 0 |
_aPaz en Santo Domingo 1854-1865 : _bel fracaso de la anexión a España / |
| 264 |
_aMadrid : _bC.S.I.C, _c1987. |
||
| 300 |
_a256 páginas ; _c22 cm. |
||
| 336 |
_2rdacontent _atexto _btxt |
||
| 337 |
_2rdamedia _asin mediación _bn |
||
| 338 |
_2rdacarrier _avolumen _bnc |
||
| 490 |
_aMonografías _v4 |
||
| 500 | _aIncluye referencias bibliográficas y notas al pie de las páginas | ||
| 590 | _aInventariado, 2024/BT | ||
| 942 |
_2ddc _cLBS1 |
||
| 999 |
_c33392 _d33392 |
||